Literature Numbers Quiz Stats

 Plays Quiz Updated Mar 6, 2012

Challenge
Share
Tweet
Embed
Score 0/18 Timer 05:00
0 Plays Today
Formula Work % Correct
C 22Catch-22
90.9%
12th NTwelfth Night
90.3%
H P a t 0.5 B PHarry Potter and the Half-Blood Prince
89.7%
20000 L U t STwenty Thousand Leagues Under the Sea
89.6%
A T o 2 CA Tale of Two Cities
86.6%
T 2 TThe Two Towers
81.8%
A t W i 80 DAround the World in Eighty Days
79.7%
2001 A S O2001: A Space Odyssey
75.2%
T 3 MThe Three Musketeers
74.6%
Formula Work % Correct
F 451Fahrenheit 451
73.8%
1 F O t C NOne Flew Over the Cuckoo's Nest
72.2%
S 5Slaughterhouse-Five
67%
100 Y o SOne Hundred Years of Solitude
63.1%
L o 3.14159Life of Pi
62.7%
T 5 P Y M i HThe Five People You Meet in Heaven
50.6%
H 4 P 1Henry IV, Part 1
25.6%
T 7 H o H E PThe Seven Habits of Highly Effective People
20.1%
6 C i S o a ASix Characters in Search of an Author
10.3%

You're not logged in!

Compare scores with friends on all Sporcle quizzes.
OR
Log In

You Might Also Like...

Show Comments

Extras

Top Quizzes Today


Score Distribution

Your Account Isn't Verified!

In order to create a playlist on Sporcle, you need to verify the email address you used during registration. Go to your Sporcle Settings to finish the process.

Report this User

Report this user for behavior that violates our Community Guidelines.

Details: